LEADER 00824nam0 2200265 450 001 000017275 005 20081009145734.0 010 $a0198772106 100 $a20081009d1990----km-y0itay50------ba 101 0 $aeng 102 $aGB 105 $ay-------001yy 200 1 $aOptimization in economic theory$fA. K. Dixit 205 $a2nd ed. 210 $aOxford$cOxford university press$d1990 215 $aVI, 188 p.$d22 cm 610 1 $aOttimizzazione 676 $a330.0151$v19$9Economia. Principi matematici 676 $a330.01515$v20$9Economia. Principi di analisi matematica 700 1$aDixit,$bAvinash K.$0117279 801 0$aIT$bUNIPARTHENOPE$c20081009$gRICA$2UNIMARC 912 $a000017275 951 $a022/152$b6751$cNAVA2 996 $aOptimization in economic theory$9511212 997 $aUNIPARTHENOPE